000 01021cam a2200229 4500
001 J122351
008 030521n2003 000 0 eng u
035 _a(Sirsi) u122351
041 _aeng
050 _a338.276
_c18
110 _aEast of England Regional Aggregates Working Party
_94455
245 _aEast of England Regional Aggregates Working Party
_bannual monitoring report 2002
260 _aLondon
_bODPM
_c2003
520 _aReport providing statistics and analysis on aggregates production in eastern England during 2002, which notes that production levels are falling well below MPG6 forecasts confound existing MPG6 forecasts and calls for an urgent review of the guidance. View at www.dclg.gov.uk.
650 _aAGGREGATES PLANNING
650 _aMINERALS EXTRACTION
650 _aMINERALS PLANNING GUIDANCE NOTE SIX
690 _aMINING AND MINERALS
710 _aUnited Kingdom
_bOffice of the Deputy Prime Minister
856 _uhttps://www.communities.gov.uk/index.asp?id=1144941
942 _n0
999 _c102833
_d102833